00460nam a22001697a 450000500170000000800410001702000180005802200150007604100120009108200120010310000120011524500570012725000180018426000330020230000300023565000250026520240924081311.0240924b |||||||| |||| 00| 0 eng d a9780409007947 a0409004480 aEnglish a349 JOU lEnglish aThe Law of South Africa / cWA Joubert and JA Faris  aThird Edition aDurban: bLexisNexis, c2010 bvii, 556 pages; c26 cm.  aLegal practice bLaw